[Event "47th GER-ch Blitz 2020"]
[Site "Magdeburg"]
[Date "2020.08.15"]
[Round "25.13"]
[White "Krause, Benedict"]
[Black "Voege, Tobias"]
[Result "1-0"]
[WhiteElo "2425"]
[BlackElo "2326"]
[Annotator "ChessBase"]
[PlyCount "63"]
[EventDate "2020.07.28"]
[EventType "tourn"]
[EventCountry "GER"]
[SourceTitle "playchess.com"]
[Source "ChessBase"]
[SourceQuality "1"]
[TimeControl "180+2"]

1. e4 {[%emt 0:00:00]} e6 {[%emt 0:00:00]} 2. d4 {[%emt 0:00:00]} d5 {[%emt 0:00:00]} 3. Nc3 {[%emt 0:00:01]} Nf6 {[%emt 0:00:00]} 4. e5 {[%emt 0:00:01]} Nfd7 {[%emt 0:00:01]} 5. f4 {[%emt 0:00:01]} c5 {[%emt 0:00:00]} 6. Nf3 {[%emt 0:00:01]} Nc6 {[%emt 0:00:01]} 7. Be3 {[%emt 0:00:00]} Qb6 {[%emt 0:00:01]} 8. Na4 {[%emt 0:00:06]} Qa5+ {[%emt 0:00:00]} 9. c3 {[%emt 0:00:02]} cxd4 {[%emt 0:00:01]} 10. b4 {[%emt 0:00:06]} Qc7 {[%emt 0:00:02]} 11. Nxd4 {[%emt 0:00:06]} Nxd4 {[%emt 0:00:01]} 12. Bxd4 {[%emt 0:00:01]} Nb8 {[%emt 0:00:01]} 13. Bd3 {[%emt 0:00:08]} Nc6 {[%emt 0:00:02]} 14. Bf2 {[%emt 0:00:02]} g5 {[%emt 0:00:17]} 15. g3 {[%emt 0:00:26]} b6 {[%emt 0:00:20]} 16. Qh5 {[%emt 0:00:55]} gxf4 {[%emt 0:00:28]} 17. gxf4 {[%emt 0:00:02]} Bb7 {[%emt 0:00:02]} 18. Ke2 {[%emt 0:00:33]} O-O-O {[%emt 0:00:16]} 19. Rac1 {[%emt 0:00:01]} Kb8 {[%emt 0:00:14]} 20. a3 {[%emt 0:00:04]} f6 {[%emt 0:00:22]} 21. exf6 {[%emt 0:00:08]} Bd6 {[%emt 0:00:03]} 22. Bg3 {[%emt 0:00:28]} e5 {[%emt 0:00:29]} 23. fxe5 {[%emt 0:00:11]} Bxe5 {[%emt 0:00:18]} 24. Bxe5 {[%emt 0:00:04]} Nxe5 {[%emt 0:00:01]} 25. Nb2 {[%emt 0:00:20]} Rhe8 {[%emt 0:00:05]} 26. Kd2 {[%emt 0:00:01]} Qd7 {[%emt 0:00:19]} 27. Rhe1 {[%emt 0:00:02]} d4 {[%emt 0:00:12]} 28. Rxe5 {[%emt 0:00:02]} dxc3+ {[%emt 0:00:01]} 29. Rxc3 {[%emt 0:00:01]} Rf8 {[%emt 0:00:11]} 30. Qg5 {[%emt 0:00:01]} Qh3 {[%emt 0:00:04]} 31. Qg3 {[%emt 0:00:01]} Qh6+ {[%emt 0:00:02]} 32. Re3+ 1-0

[Event "47th GER-ch Blitz 2020"]
[Site "Magdeburg"]
[Date "2020.08.15"]
[Round "25.15"]
[White "Braeuning, Rudolf Wilhelm"]
[Black "Bluebaum, Matthias"]
[Result "0-1"]
[WhiteElo "2244"]
[BlackElo "2647"]
[Annotator "TA"]
[PlyCount "90"]
[EventDate "2020.07.28"]
[EventType "tourn"]
[EventCountry "GER"]
[SourceTitle "playchess.com"]
[Source "ChessBase"]
[SourceQuality "1"]

{[%evp 9,90,-19,-21,-13,0,-16,0,0,-10,0,-16,-12,0,-66,-61,-80,-67,-153,-142,-156,-153,-185,-188,-183,-180,-185,-183,-176,-170,-170,-134,-141,-91,-187,-179,-173,-159,-173,-187,-168,-164,-300,-284,-300,-290,-306,-311,-314,-303,-316,-320,-370,-223,-262,-283,-330,-306,-321,-304,-296,-227,-348,-364,-334,-360,-350,-331,-317,-199,-320,-270,-372,-379,-374,-370,-360,-339,-579,-568,-552,-506,-498,-487]} 1. e4 e6 2. Nf3 d5 3. e5 c5 4. b4 b6 5. bxc5 bxc5 6. c3 {C00: French: Unusual White 2nd moves.} Nc6 7. d4 cxd4 8. cxd4 {The position is equal.} Bb4+ 9. Bd2 Qa5 {[#]} 10. Bxb4 $146 ({Predecessor:} 10. Be2 Nge7 11. O-O O-O 12. Be3 Nf5 13. Nbd2 Ncxd4 14. Bxd4 Bxd2 15. Bc5 Qxc5 16. Qxd2 {0-1 (23) Sanfeliu Fabregas,A (2089)-Barranco Montilla,C (2124) Barcelona 2011}) 10... Nxb4 11. Nbd2 (11. Nc3 $1 $11) 11... Ba6 $15 12. Rc1 Ne7 13. Rc5 (13. Bxa6 $15 Qxa6 14. Qe2) 13... Qxa2 $17 14. Qb3 {[#] Threatens to win with Qxa2.} Qa1+ 15. Qb1 Qxb1+ 16. Nxb1 Bxf1 17. Kxf1 Kd7 18. Ke2 h6 19. Nc3 Rhc8 20. Na4 Na6 21. Rcc1 (21. Ra5 $17 Nb4 22. Nc5+ Ke8 23. Rc1) 21... Rab8 22. Rxc8 Rxc8 23. Ra1 Rc2+ 24. Kf1 Nc6 25. Ra3 (25. Ne1 $142 Rd2 26. Nf3) 25... Kc7 26. Nc3 Nab4 27. Nb5+ Kb6 28. Nd6 Nd8 29. g3 a5 30. Rb3 Kc6 31. Kg2 f5 32. Ne1 Rc1 33. Nd3 Nxd3 34. Rxd3 $19 {[%mdl 4096] Endgame KRN-KRN} Nb7 35. Ne8 (35. Ra3 {was worth a try.} Nxd6 36. exd6) 35... g5 36. Ng7 Nd8 37. Ra3 Kb5 38. Rb3+ Kc4 39. Rb8 (39. Rb6 {only move.} Kxd4 40. Nxe6+ Nxe6 41. Rxe6) 39... Nc6 {[%mdl 64] [#] Double Attack} ({Not} 39... Kxd4 40. Rxd8 Kxe5 41. Ra8 $11) 40. Rc8 Kxd4 41. Nxe6+ Kxe5 42. Nd8 Kd6 {...Kd7 is the strong threat.} 43. Nb7+ $2 (43. Nxc6 {might work better.} Rxc6 44. Ra8) 43... Kd7 {Black is clearly winning.} 44. Ra8 Kc7 45. Nxa5 Ra1 {Accuracy: White = 52%, Black = 79%.} 0-1

[Event "47th GER-ch Blitz 2020"]
[Site "Magdeburg"]
[Date "2020.08.15"]
[Round "26.1"]
[White "Donchenko, Alexander"]
[Black "Bluebaum, Matthias"]
[Result "0-1"]
[WhiteElo "2646"]
[BlackElo "2647"]
[Annotator "TA"]
[PlyCount "124"]
[EventDate "2020.07.28"]
[EventType "tourn"]
[EventCountry "GER"]
[SourceTitle "playchess.com"]
[Source "ChessBase"]
[SourceQuality "1"]

{[%evp 9,124,0,0,0,0,0,12,0,0,4,14,-4,9,-50,-44,-37,-27,-47,-35,-52,-40,-56,-41,-45,-52,-62,-22,-41,-16,-24,-7,-22,-16,-16,0,-25,0,0,0,0,7,-25,0,0,0,-24,-20,-32,-30,-95,-88,-113,-117,-112,-67,-154,-110,-155,-126,-195,-184,-177,-200,-191,-179,-273,-270,-249,-247,-318,-266,-614,-560,-731,-524,-509,-502,-814,-786,-1439,-1392,-1891,-1804,-1739,-1622,-1695,-1614,-1461,-1345,-29980,-29981,-29982,-29983,-29983,-29984,-29982,-29979,-29982,-29983,-29983,-29984,-29984,-29985,-29989,-29990,-29993,-29990,-29990,-29990,-29997,-29990,-29990,-29991,-29991,-29992,-29992,-29993]} 1. e4 e6 2. Qe2 c5 3. g3 Nc6 4. c3 g6 5. Bg2 Bg7 6. f4 {C00: French: Unusual White 2nd moves.} Nge7 7. Nf3 O-O $1 {7...0-0 is better than 7...d6.} 8. O-O {The position is equal.} d6 9. Na3 Rb8 10. Kh1 {[#] was the old line (10.Rd1).} h6 $1 $146 {[%mdl 8] An important novelty.} ({Predecessor:} 10... Qd7 11. Nc2 b5 12. d4 cxd4 13. cxd4 b4 14. Rd1 Rb6 15. d5 Ba6 16. Qe1 exd5 17. exd5 {1-0 (27) Ulybin,M (2558)-Ivanov,S (2556) Krasnoyarsk 2003}) 11. Nc4 (11. d4 $11) 11... b5 $15 12. Ne3 b4 13. c4 f5 14. d3 Bb7 15. Qf2 Nd4 16. Nxd4 Bxd4 17. exf5 gxf5 18. Rb1 Qd7 19. b3 Bxg2+ 20. Qxg2 Qb7 21. Nc2 Qxg2+ 22. Kxg2 Bf6 23. Be3 Nc6 24. Rbd1 Bd4 25. Kf3 Kf7 26. Bxd4 cxd4 27. Ra1 a5 28. a3 bxa3 29. Rxa3 (29. Rfb1 $1 $11 {keeps the balance.}) 29... Rb6 $17 30. Rb1 Rfb8 31. Ke2 h5 32. Kd2 (32. Ne1 $1 $15) 32... Kf6 33. Ke2 {[#]} h4 $1 {[%mdl 512]} 34. Kf3 (34. Ne1 $17) (34. gxh4 Rh8) 34... hxg3 $19 35. hxg3 Rh8 36. Kg2 Rb7 37. Rh1 (37. Ne1 $142) 37... Rxh1 38. Kxh1 {[%mdl 4096] Endgame KRN-KRN} e5 39. Kg2 e4 40. Na1 $2 (40. dxe4 fxe4 41. g4) 40... Ke6 41. Kf2 d5 42. cxd5+ Kxd5 43. Ra2 (43. Ke2 $142 Rg7 44. Nc2) 43... Rh7 {And now ...Rh2+ would win.} 44. Kg2 exd3 45. Kf3 Rh1 46. g4 fxg4+ 47. Kxg4 {[#]} d2 $1 {[%mdl 512]} 48. Rxd2 Rxa1 {KRN-KR} 49. f5 Ne5+ {Black mates.} 50. Kf4 Rf1+ 51. Kg3 Rxf5 52. Ra2 Rf3+ 53. Kg2 Rxb3 54. Rxa5+ Ke4 55. Kf2 Rb2+ 56. Kf1 d3 57. Rc5 Kd4 58. Rc8 Ke3 59. Rc3 Rb1+ 60. Kg2 Kd4 61. Rc8 d2 62. Rd8+ Ke3 {Accuracy: White = 46%, Black = 79%.} 0-1

[Event "47th GER-ch Blitz 2020"]
[Site "Magdeburg"]
[Date "2020.08.15"]
[Round "26.2"]
[White "Weller, Manuel"]
[Black "Braeuning, Rudolf Wilhelm"]
[Result "0-1"]
[WhiteElo "2237"]
[BlackElo "2244"]
[Annotator "ChessBase"]
[PlyCount "31"]
[EventDate "2020.07.28"]
[EventType "tourn"]
[EventCountry "GER"]
[SourceTitle "playchess.com"]
[Source "ChessBase"]
[SourceQuality "1"]
[TimeControl "180+2"]

1. c4 {[%emt 0:00:00]} e5 {[%emt 0:00:00]} 2. g3 {[%emt 0:00:00]} c6 {[%emt 0:00:00]} 3. Nf3 {[%emt 0:00:01]} e4 {[%emt 0:00:01]} 4. Nd4 {[%emt 0:00:01]} d5 {[%emt 0:00:01]} 5. cxd5 {[%emt 0:00:02]} Nf6 {[%emt 0:00:00]} 6. Bg2 {[%emt 0:00:01]} Qxd5 {[%emt 0:00:08]} 7. Nc2 {[%emt 0:00:03]} Na6 {[%emt 0:00:15]} 8. Nc3 {[%emt 0:00:05]} Qe5 {[%emt 0:00:07]} 9. O-O {[%emt 0:00:16]} Be7 {[%emt 0:00:34]} 10. d3 {[%emt 0:00:13]} exd3 {[%emt 0:00:06]} 11. exd3 {[%emt 0:00:01]} Be6 {[%emt 0:00:22]} 12. Re1 {[%emt 0:00:07]} Qh5 {[%emt 0:00:11]} 13. Qxh5 {[%emt 0:00:30]} Nxh5 {[%emt 0:00:02]} 14. Nd4 {[%emt 0:00:03]} Bd7 {[%emt 0:00:19]} 15. Bg5 {[%emt 0:00:21]} Nf6 {[%emt 0:00:11]} 16. Bxf6 {[%emt 0:00:28]} 0-1

[Event "47th GER-ch Blitz 2020"]
[Site "Magdeburg"]
[Date "2020.08.15"]
[Round "26.3"]
[White "Voege, Tobias"]
[Black "Muranyi, Karl-Jasmin"]
[Result "0-1"]
[WhiteElo "2326"]
[BlackElo "2331"]
[Annotator "ChessBase"]
[PlyCount "73"]
[EventDate "2020.07.28"]
[EventType "tourn"]
[EventCountry "GER"]
[SourceTitle "playchess.com"]
[Source "ChessBase"]
[SourceQuality "1"]
[TimeControl "180+2"]

1. d4 {[%emt 0:00:00]} d5 {[%emt 0:00:00]} 2. c4 {[%emt 0:00:00]} c6 {[%emt 0:00:00]} 3. cxd5 {[%emt 0:00:00]} cxd5 {[%emt 0:00:00]} 4. Nc3 {[%emt 0:00:01]} Nf6 {[%emt 0:00:01]} 5. f3 {[%emt 0:00:01]} e6 {[%emt 0:00:05]} 6. e4 {[%emt 0:00:01]} Be7 {[%emt 0:00:05]} 7. e5 {[%emt 0:00:02]} Nfd7 {[%emt 0:00:01]} 8. f4 {[%emt 0:00:01]} O-O {[%emt 0:00:07]} 9. Nf3 {[%emt 0:00:02]} Nc6 {[%emt 0:00:01]} 10. Bd3 {[%emt 0:00:01]} f6 {[%emt 0:00:04]} 11. O-O {[%emt 0:00:24]} a6 {[%emt 0:00:03]} 12. Be3 {[%emt 0:00:07]} Qb6 {[%emt 0:00:02]} 13. exf6 {[%emt 0:00:13]} Bxf6 {[%emt 0:00:04]} 14. Rb1 {[%emt 0:01:02]} g6 {[%emt 0:00:14]} 15. Ne2 {[%emt 0:00:18]} Ne7 {[%emt 0:00:05]} 16. Bf2 {[%emt 0:00:07]} Nb8 {[%emt 0:00:08]} 17. Ne5 {[%emt 0:00:16]} Nbc6 {[%emt 0:00:09]} 18. g4 {[%emt 0:00:01]} Bg7 {[%emt 0:00:06]} 19. h4 {[%emt 0:00:05]} Nxe5 {[%emt 0:00:06]} 20. dxe5 {[%emt 0:00:03]} Qd8 {[%emt 0:00:04]} 21. Kg2 {[%emt 0:00:13]} Bd7 {[%emt 0:00:01]} 22. Qd2 {[%emt 0:00:04]} Bb5 {[%emt 0:00:10]} 23. Bc5 {[%emt 0:00:08]} Re8 {[%emt 0:00:16]} 24. Nd4 {[%emt 0:00:04]} Bxd3 {[%emt 0:00:04]} 25. Qxd3 {[%emt 0:00:01]} Nc6 {[%emt 0:00:00]} 26. Rbc1 {[%emt 0:00:13]} Nxd4 {[%emt 0:00:16]} 27. Bxd4 {[%emt 0:00:02]} Qxh4 {[%emt 0:00:06]} 28. Qf3 {[%emt 0:00:01]} Rac8 {[%emt 0:00:04]} 29. Rh1 {[%emt 0:00:08]} Qe7 {[%emt 0:00:03]} 30. Rxc8 {[%emt 0:00:07]} Rxc8 {[%emt 0:00:01]} 31. Bc3 {[%emt 0:00:06]} b5 {[%emt 0:00:11]} 32. a3 {[%emt 0:00:01]} Rc4 {[%emt 0:00:03]} 33. Kg3 {[%emt 0:00:08]} Qc7 {[%emt 0:00:16]} 34. Rd1 {[%emt 0:00:03]} g5 {[%emt 0:00:07]} 35. f5 Bxe5+ 36. Bxe5 Qxe5+ 37. Kh3 0-1

[Event "47th GER-ch Blitz 2020"]
[Site "Magdeburg"]
[Date "2020.08.15"]
[Round "26.4"]
[White "Holtel, Jasper"]
[Black "Krause, Benedict"]
[Result "1/2-1/2"]
[WhiteElo "2305"]
[BlackElo "2425"]
[Annotator "ChessBase"]
[PlyCount "69"]
[EventDate "2020.07.28"]
[EventType "tourn"]
[EventCountry "GER"]
[SourceTitle "playchess.com"]
[Source "ChessBase"]
[SourceQuality "1"]
[TimeControl "180+2"]

1. e4 c6 {[%emt 0:00:00]} 2. d4 {[%emt 0:00:00]} d5 {[%emt 0:00:00]} 3. exd5 {[%emt 0:00:01]} cxd5 {[%emt 0:00:01]} 4. c4 {[%emt 0:00:01]} Nf6 {[%emt 0:00:01]} 5. Nc3 {[%emt 0:00:01]} Nc6 {[%emt 0:00:00]} 6. Nf3 {[%emt 0:00:01]} Bg4 {[%emt 0:00:02]} 7. cxd5 {[%emt 0:00:01]} Nxd5 {[%emt 0:00:01]} 8. Qb3 {[%emt 0:00:01]} Bxf3 {[%emt 0:00:01]} 9. gxf3 {[%emt 0:00:02]} e6 {[%emt 0:00:01]} 10. Qxb7 {[%emt 0:00:01]} Nxd4 {[%emt 0:00:02]} 11. Bb5+ {[%emt 0:00:02]} Nxb5 {[%emt 0:00:01]} 12. Qc6+ {[%emt 0:00:01]} Ke7 {[%emt 0:00:12]} 13. Qxb5 {[%emt 0:00:02]} Nxc3 {[%emt 0:00:02]} 14. bxc3 {[%emt 0:00:06]} Rb8 {[%emt 0:00:01]} 15. Qc5+ {[%emt 0:00:07]} Ke8 {[%emt 0:00:02]} 16. Qxa7 {[%emt 0:00:04]} Bd6 {[%emt 0:00:02]} 17. Qd4 {[%emt 0:00:24]} f6 {[%emt 0:00:18]} 18. O-O {[%emt 0:00:04]} Be5 {[%emt 0:00:11]} 19. Qg4 {[%emt 0:00:10]} Kf7 {[%emt 0:00:02]} 20. Be3 {[%emt 0:00:18]} f5 {[%emt 0:00:42]} 21. Qh5+ {[%emt 0:00:14]} g6 {[%emt 0:00:01]} 22. Qh6 {[%emt 0:00:03]} Qf8 {[%emt 0:00:28]} 23. Qxf8+ {[%emt 0:00:07]} Rhxf8 {[%emt 0:00:01]} 24. Bd4 {[%emt 0:00:08]} Bxd4 {[%emt 0:00:14]} 25. cxd4 {[%emt 0:00:02]} Rfd8 {[%emt 0:00:10]} 26. Rfd1 {[%emt 0:00:05]} Rb4 {[%emt 0:00:01]} 27. a4 {[%emt 0:00:01]} Ra8 {[%emt 0:00:13]} 28. a5 {[%emt 0:00:03]} Rb5 {[%emt 0:00:01]} 29. a6 {[%emt 0:00:07]} Rb6 {[%emt 0:00:02]} 30. Rdc1 {[%emt 0:00:12]} Rbxa6 {[%emt 0:00:04]} 31. Rc7+ {[%emt 0:00:02]} Kf6 {[%emt 0:00:01]} 32. Rxa6 {[%emt 0:00:03]} Rxa6 {[%emt 0:00:01]} 33. Rxh7 {[%emt 0:00:02]} Rd6 {[%emt 0:00:00]} 34. Ra7 {[%emt 0:00:10]} Rxd4 {[%emt 0:00:02]} 35. Kg2 {[%emt 0:00:01]} 1/2-1/2

[Event "47th GER-ch Blitz 2020"]
[Site "Magdeburg"]
[Date "2020.08.15"]
[Round "26.6"]
[White "Siebrecht, Sebastian"]
[Black "Schoewel, Matthias"]
[Result "0-1"]
[WhiteElo "2429"]
[BlackElo "2218"]
[Annotator "ChessBase"]
[PlyCount "112"]
[EventDate "2020.07.28"]
[EventType "tourn"]
[EventCountry "GER"]
[SourceTitle "playchess.com"]
[Source "ChessBase"]
[SourceQuality "1"]
[TimeControl "180+2"]

1. c4 {[%emt 0:00:00]} e5 {[%emt 0:00:00]} 2. Nc3 Nc6 3. g3 {[%emt 0:00:05]} d6 {[%emt 0:00:03]} 4. Bg2 {[%emt 0:00:01]} Be6 {[%emt 0:00:01]} 5. Nd5 {[%emt 0:00:09]} Be7 {[%emt 0:00:07]} 6. e3 {[%emt 0:00:02]} Qd7 {[%emt 0:00:01]} 7. h3 {[%emt 0:00:02]} Bd8 {[%emt 0:00:07]} 8. Ne2 {[%emt 0:00:02]} Rb8 {[%emt 0:00:06]} 9. d4 {[%emt 0:00:06]} exd4 {[%emt 0:00:06]} 10. exd4 {[%emt 0:00:02]} Nce7 {[%emt 0:00:06]} 11. Nxe7 {[%emt 0:00:11]} Nxe7 {[%emt 0:00:06]} 12. d5 {[%emt 0:00:07]} Bf5 {[%emt 0:00:04]} 13. Qd4 {[%emt 0:00:04]} O-O {[%emt 0:00:10]} 14. Qxa7 {[%emt 0:00:02]} Qc8 {[%emt 0:00:02]} 15. Qd4 {[%emt 0:00:07]} Ng6 {[%emt 0:00:01]} 16. Be3 {[%emt 0:00:07]} Bf6 {[%emt 0:00:05]} 17. Qd2 {[%emt 0:00:01]} Re8 {[%emt 0:00:06]} 18. h4 {[%emt 0:00:07]} Ne5 {[%emt 0:00:05]} 19. Nf4 {[%emt 0:00:48]} Nxc4 {[%emt 0:00:05]} 20. Qe2 {[%emt 0:00:01]} Bxb2 {[%emt 0:00:16]} 21. Qxc4 {[%emt 0:00:06]} Bxa1 {[%emt 0:00:04]} 22. O-O {[%emt 0:00:02]} Be5 {[%emt 0:00:02]} 23. Rc1 {[%emt 0:00:06]} Re7 {[%emt 0:00:07]} 24. Nd3 {[%emt 0:00:03]} Bxd3 {[%emt 0:00:06]} 25. Qxd3 {[%emt 0:00:02]} Qe8 {[%emt 0:00:08]} 26. Bg5 {[%emt 0:00:07]} f6 {[%emt 0:00:06]} 27. Be3 {[%emt 0:00:04]} Bxg3 {[%emt 0:00:04]} 28. Bh3 {[%emt 0:00:05]} Bxh4 {[%emt 0:00:08]} 29. Be6+ {[%emt 0:00:10]} Rxe6 {[%emt 0:00:20]} 30. dxe6 {[%emt 0:00:01]} Qxe6 {[%emt 0:00:11]} 31. Rxc7 {[%emt 0:00:02]} Qg4+ {[%emt 0:00:24]} 32. Kf1 {[%emt 0:00:00]} Bg5 {[%emt 0:00:18]} 33. Qd5+ {[%emt 0:00:07]} Kh8 {[%emt 0:00:03]} 34. Ba7 {[%emt 0:00:12]} Rg8 {[%emt 0:00:07]} 35. Qxb7 {[%emt 0:00:06]} Qh3+ {[%emt 0:00:06]} 36. Ke2 {[%emt 0:00:02]} Qe6+ {[%emt 0:00:05]} 37. Kf1 {[%emt 0:00:02]} Qxa2 {[%emt 0:00:01]} 38. Rc8 {[%emt 0:00:03]} h5 {[%emt 0:00:04]} 39. Rc7 {[%emt 0:00:07]} Qe6 {[%emt 0:00:05]} 40. Bd4 {[%emt 0:00:22]} Re8 {[%emt 0:00:02]} 41. Qf3 {[%emt 0:00:18]} Qg4 {[%emt 0:00:05]} 42. Qxg4 {[%emt 0:00:04]} hxg4 {[%emt 0:00:01]} 43. Rd7 {[%emt 0:00:00]} Bf4 {[%emt 0:00:01]} 44. Kg2 {[%emt 0:00:01]} Re6 {[%emt 0:00:02]} 45. Bb6 {[%emt 0:00:03]} Kh7 {[%emt 0:00:01]} 46. Bc7 {[%emt 0:00:01]} Kg6 {[%emt 0:00:02]} 47. Bd8 {[%emt 0:00:02]} Be5 {[%emt 0:00:01]} 48. Bc7 {[%emt 0:00:02]} f5 {[%emt 0:00:01]} 49. Bd8 {[%emt 0:00:01]} Bf6 {[%emt 0:00:01]} 50. Bc7 {[%emt 0:00:01]} Be5 {[%emt 0:00:01]} 51. Bd8 {[%emt 0:00:01]} f4 {[%emt 0:00:01]} 52. f3 {[%emt 0:00:02]} g3 {[%emt 0:00:01]} 53. Kh3 {[%emt 0:00:01]} Bf6 {[%emt 0:00:01]} 54. Bc7 {[%emt 0:00:01]} Re2 {[%emt 0:00:02]} 55. Bxd6 {[%emt 0:00:01]} Kf5 {[%emt 0:00:01]} 56. Bc5 {[%emt 0:00:02]} Rh2# 0-1

[Event "47th GER-ch Blitz 2020"]
[Site "Magdeburg"]
[Date "2020.08.15"]
[Round "26.7"]
[White "Braun, Georg"]
[Black "Berger, Steve"]
[Result "1-0"]
[WhiteElo "2360"]
[BlackElo "2408"]
[Annotator "ChessBase"]
[PlyCount "87"]
[EventDate "2020.07.28"]
[EventType "tourn"]
[EventCountry "GER"]
[SourceTitle "playchess.com"]
[Source "ChessBase"]
[SourceQuality "1"]
[TimeControl "180+2"]

1. e4 {[%emt 0:00:00]} e6 {[%emt 0:00:00]} 2. d4 {[%emt 0:00:00]} d5 {[%emt 0:00:00]} 3. Nc3 {[%emt 0:00:01]} Nf6 {[%emt 0:00:00]} 4. Bg5 {[%emt 0:00:01]} dxe4 {[%emt 0:00:01]} 5. Nxe4 {[%emt 0:00:01]} Nbd7 {[%emt 0:00:01]} 6. Qf3 {[%emt 0:00:01]} Be7 {[%emt 0:00:06]} 7. O-O-O {[%emt 0:00:03]} Nxe4 {[%emt 0:00:06]} 8. Bxe7 {[%emt 0:00:02]} Qxe7 {[%emt 0:00:04]} 9. Qxe4 {[%emt 0:00:01]} Nf6 {[%emt 0:00:10]} 10. Qh4 {[%emt 0:00:01]} Bd7 {[%emt 0:00:08]} 11. Nf3 {[%emt 0:00:02]} O-O-O {[%emt 0:00:03]} 12. Ne5 {[%emt 0:00:05]} Be8 {[%emt 0:00:08]} 13. Be2 {[%emt 0:00:08]} Nd5 {[%emt 0:00:07]} 14. Qxe7 {[%emt 0:00:07]} Nxe7 {[%emt 0:00:01]} 15. Bf3 {[%emt 0:00:04]} f6 {[%emt 0:00:09]} 16. Nc4 {[%emt 0:00:04]} Bc6 {[%emt 0:00:01]} 17. Bxc6 {[%emt 0:00:03]} Nxc6 {[%emt 0:00:01]} 18. c3 {[%emt 0:00:01]} Rhe8 {[%emt 0:00:04]} 19. Rhe1 {[%emt 0:00:01]} b5 {[%emt 0:00:30]} 20. Ne3 {[%emt 0:00:08]} e5 {[%emt 0:00:09]} 21. dxe5 {[%emt 0:00:04]} Nxe5 {[%emt 0:00:09]} 22. Kc2 {[%emt 0:00:02]} c6 {[%emt 0:00:22]} 23. Nf5 {[%emt 0:00:05]} Rxd1 {[%emt 0:00:17]} 24. Rxd1 {[%emt 0:00:02]} Kc7 {[%emt 0:00:01]} 25. Nxg7 {[%emt 0:00:05]} Rg8 {[%emt 0:00:01]} 26. Ne6+ {[%emt 0:00:00]} Kb6 {[%emt 0:00:01]} 27. Nf4 {[%emt 0:00:02]} Rg4 {[%emt 0:00:06]} 28. g3 {[%emt 0:00:01]} Rg7 {[%emt 0:00:12]} 29. h3 {[%emt 0:00:07]} Re7 {[%emt 0:00:03]} 30. Rd6 {[%emt 0:00:05]} Rf7 {[%emt 0:00:09]} 31. Nh5 {[%emt 0:00:28]} Nd7 {[%emt 0:00:05]} 32. b4 {[%emt 0:00:07]} Kc7 {[%emt 0:00:02]} 33. Rd4 {[%emt 0:00:02]} Re7 {[%emt 0:00:02]} 34. Kd1 {[%emt 0:00:08]} Re5 {[%emt 0:00:04]} 35. Nf4 {[%emt 0:00:02]} Nb6 {[%emt 0:00:04]} 36. Nd3 {[%emt 0:00:05]} Rh5 {[%emt 0:00:04]} 37. h4 {[%emt 0:00:03]} Nd5 {[%emt 0:00:05]} 38. Kd2 {[%emt 0:00:13]} Rf5 {[%emt 0:00:10]} 39. Rg4 {[%emt 0:00:03]} h5 {[%emt 0:00:07]} 40. Rg7+ {[%emt 0:00:01]} Kb8 {[%emt 0:00:00]} 41. f4 {[%emt 0:00:04]} Nc7 {[%emt 0:00:05]} 42. Nc5 {[%emt 0:00:06]} Rd5+ {[%emt 0:00:06]} 43. Kc2 {[%emt 0:00:07]} a5 {[%emt 0:00:09]} 44. Nd7+ {[%emt 0:00:06]} 1-0

[Event "47th GER-ch Blitz 2020"]
[Site "Magdeburg"]
[Date "2020.08.15"]
[Round "26.8"]
[White "Ehmann, Thilo"]
[Black "Kopylov, Michael"]
[Result "1-0"]
[WhiteElo "2329"]
[BlackElo "2407"]
[Annotator "ChessBase"]
[PlyCount "57"]
[EventDate "2020.07.28"]
[EventType "tourn"]
[EventCountry "GER"]
[SourceTitle "playchess.com"]
[Source "ChessBase"]
[SourceQuality "1"]
[TimeControl "180+2"]

1. e4 {[%emt 0:00:00]} d5 {[%emt 0:00:00]} 2. exd5 {[%emt 0:00:00]} Qxd5 {[%emt 0:00:00]} 3. Nf3 {[%emt 0:00:00]} Bg4 {[%emt 0:00:01]} 4. Be2 {[%emt 0:00:01]} Nc6 {[%emt 0:00:00]} 5. Nc3 {[%emt 0:00:05]} Qd7 {[%emt 0:00:03]} 6. h3 {[%emt 0:00:04]} Bf5 {[%emt 0:00:02]} 7. d3 {[%emt 0:00:06]} Nf6 {[%emt 0:00:03]} 8. Be3 {[%emt 0:00:05]} e5 {[%emt 0:00:03]} 9. a3 {[%emt 0:00:13]} O-O-O {[%emt 0:00:06]} 10. Ng5 {[%emt 0:00:51]} Nd4 {[%emt 0:00:18]} 11. Qd2 {[%emt 0:00:13]} Bg6 {[%emt 0:00:13]} 12. O-O {[%emt 0:00:19]} Kb8 {[%emt 0:00:03]} 13. Nge4 {[%emt 0:00:29]} Nxe4 {[%emt 0:00:11]} 14. dxe4 {[%emt 0:00:05]} Bc5 {[%emt 0:00:25]} 15. Bd3 {[%emt 0:00:03]} Bb6 {[%emt 0:00:16]} 16. Nd5 {[%emt 0:00:14]} c6 {[%emt 0:00:01]} 17. Nxb6 axb6 18. Qb4 {[%emt 0:00:09]} Kc7 {[%emt 0:00:18]} 19. a4 {[%emt 0:00:11]} Qd6 {[%emt 0:00:14]} 20. Qe1 {[%emt 0:00:01]} Ra8 {[%emt 0:00:09]} 21. a5 {[%emt 0:00:03]} bxa5 {[%emt 0:00:27]} 22. Rxa5 {[%emt 0:00:05]} b6 {[%emt 0:00:05]} 23. Ra1 {[%emt 0:00:03]} Kb7 {[%emt 0:00:03]} 24. c3 {[%emt 0:00:08]} Nf3+ {[%emt 0:00:08]} 25. gxf3 {[%emt 0:00:01]} Qxd3 {[%emt 0:00:01]} 26. Rd1 Qb5 {[%emt 0:00:08]} 27. Rd7+ Kc8 28. Qd2 {[%emt 0:00:03]} Re8 {[%emt 0:00:23]} 29. Qd6 {[%emt 0:00:05]} 1-0